000 00601nam a2200217 a 4500
999 _c1559
_d1559
008 200108t1992 xxkad||g |||| 001 0 eng d
020 _cRs. 5500.00
040 _aKO
_beng
041 0 _aeng
044 _axxk
082 0 4 _223
_a387.54014
_bL8817
245 1 0 _aBes' Chartering and Shipping Terms /
_cEdited by Norman J. Lopez
250 _a11th ed.
260 _aLondon :
_bBaker and Howard Ltd ,
_c1992.
300 _ax , 641 p. :
_bill., charts. ;
_c25 cm
504 _aIncludes Index
650 0 _aCharter-parties
_vTextbooks
700 _aLopez, Norman J.
_eedt
942 _cRT